000 00456pab a2200169 454500
008 180718b2001 xxu||||| |||| 00| 0 eng d
100 _aValodia, Imraan
245 _aEconomic policy and Women's informal work in South Africa
260 _c2001
300 _ap.871-92
362 _aNov
650 _aWomen - South Africa
650 _aSouth Africa - Economic policy
650 _aEconomic policy
773 _aDevelopment and Change
909 _a51253
999 _c51253
_d51253